Statistics for 中国所有含阴/阳/州的城市 Cities in China containing direction words

Click here to take the quiz!

General Stats

  • This quiz has been taken 182 times
  • The average score is 58 of 112

Answer Stats

默认编号省份人口1人口2行政等级城市% Correct
辽宁707804地级市沈阳
95%
贵州383427地级市贵阳
95%
河南199208地级市洛阳
94%
辽宁7469地级市辽阳
88%
广东14882712地级市广州
88%
浙江874962地级市杭州
87%
江苏399609地级市苏州
87%
福建354449地级市福州
86%
河南8597地级市南阳
86%
湖北14683地级市襄阳
86%
河南9986地级市安阳
86%
四川138109地级市绵阳
84%
江西16496地级市赣州
84%
江苏206148地级市徐州
84%
河南5341107地级市郑州
84%
江苏84县级市江阴
83%
甘肃289298地级市兰州
83%
辽宁10175地级市锦州
83%
江苏309421地级市常州
82%
陕西135地级市咸阳
82%
广东7473地级市阳江
81%
广东267189地级市惠州
81%
浙江134127地级市台州
80%
湖南10384地级市衡阳
80%
湖南10786地级市岳阳
80%
江苏151119地级市扬州
80%
福建135674地级市泉州
80%
江苏9869地级市泰州
80%
浙江238402地级市温州
79%
广西206123地级市柳州
79%
河南8953地级市信阳
79%
山东6661地级市德州
76%
四川6675地级市德阳
75%
广东93122地级市潮州
74%
福建77100地级市漳州
74%
山东7455地级市滨州
74%
浙江5353地级市衢州
74%
浙江7570地级市湖州
74%
四川10065地级市泸州
73%
湖南6381地级市邵阳
73%
江西79地级市抚州
72%
湖南7752地级市郴州
72%
安徽8656地级市阜阳
72%
河北8162地级市沧州
71%
广东66地级市梅州
69%
广东95109地级市揭阳
68%
辽宁5857地级市朝阳
68%
湖南5161地级市益阳
68%
河南6462地级市濮阳
67%
湖北4692地级市荆州
66%
湖南58地级市永州
65%
安徽6473地级市宿州
65%
广西52地级市钦州
64%
广西34地级市贺州
64%
山西5169地级市阳泉
64%
广西6157地级市梧州
64%
山西37地级市忻州
62%
安徽38地级市池州
61%
四川97地级市达州
61%
安徽4570地级市滁州
61%
四川41地级市资阳
61%
海南28地级市儋州
60%
安徽63地级市亳州
60%
山西42地级市朔州
57%
甘肃31地级市庆阳
57%
湖北44地级市随州
57%
湖北4572地级市鄂州
56%
陕西7县级市华阴
45%
山东48县级市青州
37%
四川56县级市简阳
32%
山东30县级市莱州
30%
浙江46县级市东阳
30%
江苏40县级市丹阳
28%
河北41县级市定州
26%
江苏35县级市溧阳
26%
山东71县级市滕州
25%
山东55县级市胶州
24%
广东25县级市雷州
24%
湖南31县级市浏阳
24%
湖南48县级市耒阳
22%
江苏60县级市邳州
22%
广东32县级市高州
22%
河北16县级市晋州
20%
河北32县级市涿州
18%
山西17县级市汾阳
18%
山东23县级市海阳
18%
河南40县级市禹州
17%
山东33县级市莱阳
17%
河南37县级市荥阳
17%
河北16县级市霸州
16%
湖北32县级市枣阳
16%
河南43县级市林州
16%
广东14县级市连州
15%
广东29县级市化州
14%
广东26县级市阳春
14%
浙江32县级市嵊州
14%
河南33县级市汝州
14%
河南37县级市邓州
14%
四川32县级市彭州
13%
贵州27县级市盘州
13%
河北14县级市深州
13%
河北19县级市滦州
12%
四川31县级市崇州
11%
陕西13县级市彬州
10%
山西13县级市霍州
10%
广西暂无数据县级市横州
10%
辽宁18县级市盖州
9%
湖北18县级市当阳
9%
湖南暂无数据县级市祁阳
9%
河南19县级市沁阳
8%
陕西暂无数据县级市旬阳
7%
河南14县级市孟州
6%

Score Distribution

Percentile by Number Answered

Percent of People with Each Score

Your Score History

You have not taken this quiz